000 01032nam a22003137a 4500
003 CHAP
005 20220817042619.0
008 971013s1981 r 00010 d
010 _a49830
011 _a50802
035 _a54952
040 _cCHAP
090 _aFolleto 9171
100 0 0 _aVillar Torrente, Julio M.
_9119544
245 _aOpciones tecnológicas para el desarrollo rural
260 _aMéxico, D.F. :
_bCentro de Estudios Económicos y Sociales del Tercer Mundo,
_c1981
300 _app. 16-20
490 _aLecturas de ceestem
_v; 1(2)
590 _aBATCH-UPD
_b10
_c20130110
_lUCH01
_h0534
590 _aBATCH-UPD
_b10
_c20130410
_lUCH01
_h0214
590 _aBATCH-UPD
_b10
_c20130914
_lUCH01
_h1718
590 _aCONVERSION
_b10
_c20130109
_lUCH01
_h1327
650 1 4 _aAgricultura
_xInnovaciones tecnológicas.
_91565
650 1 4 _aMéxico
_xCondiciones rurales.
830 0 _aLecturas de ceestem
_v; 1(2)
_965507
901 _aBK
942 _cFOLL
949 _aFolleto 9171
_bBC
_cFOLL
_d-120917
_eTS1
_i54952
_mD
_si
999 _c49830
_d49830